[Event "Montreal int."]
[Site "Montreal CAN"]
[Date "2001.08.03"]
[Round "2"]
[White "Turov, Maxim"]
[Black "Rozentalis, Eduardas"]
[Result "1/2-1/2"]
[WhiteElo "2550"]
[BlackElo "2588"]
[PlyCount "45"]
[GameId "2160767911555333"]
[EventDate "2001.08.02"]
[EventType "tourn"]
[EventRounds "11"]
[EventCountry "CAN"]
[EventCategory "9"]
[SourceTitle "CBM 085"]
[Source "ChessBase"]
[SourceDate "2001.11.13"]
[SourceVersion "1"]
[SourceVersionDate "2001.11.13"]
[SourceQuality "1"]

1. d4 Nf6 2. c4 e6 3. Nc3 Bb4 4. Qc2 O-O 5. a3 Bxc3+ 6. Qxc3 b6 7. Bg5 Ba6 8. Qf3 Nc6 9. e3 Bb7 10. Rc1 h6 11. Bxf6 Qxf6 12. Qxf6 gxf6 13. Ne2 Ne7 14. Nc3 f5 15. Be2 Ng6 16. O-O f4 17. e4 f5 18. Bd3 fxe4 19. Bxe4 Bxe4 20. Nxe4 Rae8 21. Rfe1 Re7 22. Nd2 Nh4 23. Re4 1/2-1/2

[Event "Montreal int."]
[Site "Montreal CAN"]
[Date "2001.08.04"]
[Round "3"]
[White "Mikanovic, Goran"]
[Black "Turov, Maxim"]
[Result "1/2-1/2"]
[WhiteElo "2273"]
[BlackElo "2550"]
[PlyCount "147"]
[GameId "2160767911555336"]
[EventDate "2001.08.02"]
[EventType "tourn"]
[EventRounds "11"]
[EventCountry "CAN"]
[EventCategory "9"]
[SourceTitle "CBM 085"]
[Source "ChessBase"]
[SourceDate "2001.11.13"]
[SourceVersion "1"]
[SourceVersionDate "2001.11.13"]
[SourceQuality "1"]

1. d4 Nf6 2. c4 g6 3. Nc3 d5 4. cxd5 Nxd5 5. e4 Nxc3 6. bxc3 Bg7 7. Nf3 O-O 8. Be3 c5 9. Rc1 Qa5 10. Qd2 Nd7 11. Bd3 e5 12. d5 f5 13. Bh6 f4 14. Bxg7 Kxg7 15. Rb1 Qc7 16. O-O Nf6 17. Bc2 Qd6 18. Rfe1 b6 19. Qd3 Bd7 20. a4 a6 21. c4 Rab8 22. Qc3 Rfe8 23. g3 Bg4 24. Nd2 g5 25. Bd1 h5 26. gxf4 gxf4 27. Kh1 Kh6 28. Rg1 Rg8 29. h3 Bd7 30. Bc2 Rbe8 31. Kh2 Bc8 32. Rxg8 Rxg8 33. Rg1 Rxg1 34. Kxg1 Nh7 35. Nf3 Ng5 36. Nxg5 Kxg5 37. Kh2 Kh4 38. Bd1 Qf6 39. Qf3 Qg6 40. Qd3 Bd7 41. Bc2 Qf7 42. Qf3 Kg5 43. Qg2+ Kh6 44. Qf3 Qf6 45. Bd1 Qh4 46. Kg2 Qg5+ 47. Kh2 Kg6 48. Qb3 Kf7 49. Qf3 Ke7 50. Qb3 Qh4 51. Kg2 Qg5+ 52. Kh2 Qg6 53. Bc2 Kd8 54. Qc3 Qf6 55. Qf3 Qh4 56. Kg2 Kc7 57. Bd1 Kd6 58. Qb3 Ke7 59. Qf3 Qg5+ 60. Kh2 Qg6 61. Bc2 Kf6 62. Qc3 Qe8 63. Qb3 Qd8 64. Qc3 Qe7 65. Qb3 Kg7 66. Qf3 Kh6 67. Qb3 Qf6 68. Qf3 b5 69. axb5 axb5 70. cxb5 Bxb5 71. Bd1 Qh4 72. Kg2 c4 73. Qc3 Qg5+ 74. Kf1 1/2-1/2

[Event "Montreal int."]
[Site "Montreal CAN"]
[Date "2001.08.04"]
[Round "3"]
[White "Rozentalis, Eduardas"]
[Black "Goldenberg, Danny"]
[Result "1-0"]
[WhiteElo "2588"]
[BlackElo "2343"]
[PlyCount "77"]
[GameId "2160767911555338"]
[EventDate "2001.08.02"]
[EventType "tourn"]
[EventRounds "11"]
[EventCountry "CAN"]
[EventCategory "9"]
[SourceTitle "CBM 085"]
[Source "ChessBase"]
[SourceDate "2001.11.13"]
[SourceVersion "1"]
[SourceVersionDate "2001.11.13"]
[SourceQuality "1"]

1. e4 g6 2. d4 Bg7 3. Nc3 c6 4. h3 d6 5. Nf3 Qc7 6. Be3 Nd7 7. a4 Ngf6 8. Bd3 e5 9. dxe5 dxe5 10. Bc4 O-O 11. O-O h6 12. Qd2 Kh7 13. a5 Ne8 14. Rfd1 f5 15. exf5 gxf5 16. Be6 Ndf6 17. Bxc8 Rxc8 18. Bxa7 e4 19. Nd4 Qe5 20. f4 exf3 21. Nxf3 Qg3 22. Ne2 Qc7 23. Bb6 Qe7 24. Nf4 Nc7 25. Qd6 Qxd6 26. Rxd6 Rf7 27. Ne5 Re7 28. Nfg6 Ree8 29. Rf1 Ncd5 30. Rxf5 Ne7 31. Rfxf6 Bxf6 32. Rxf6 Nxg6 33. Nxg6 Re2 34. Nf4 Rxc2 35. Bd4 c5 36. Rf7+ Kg8 37. Rg7+ Kf8 38. Ne6+ Ke8 39. Bf6 1-0

[Event "Montreal int."]
[Site "Montreal CAN"]
[Date "2001.08.04"]
[Round "3"]
[White "Zugic, Igor"]
[Black "Kosyrev, Vladimir"]
[Result "0-1"]
[WhiteElo "2440"]
[BlackElo "2554"]
[PlyCount "96"]
[GameId "2160767911555339"]
[EventDate "2001.08.02"]
[EventType "tourn"]
[EventRounds "11"]
[EventCountry "CAN"]
[EventCategory "9"]
[SourceTitle "CBM 085"]
[Source "ChessBase"]
[SourceDate "2001.11.13"]
[SourceVersion "1"]
[SourceVersionDate "2001.11.13"]
[SourceQuality "1"]

1. e4 e6 2. d4 d5 3. Nc3 Bb4 4. e5 c5 5. a3 Bxc3+ 6. bxc3 Ne7 7. h4 Qc7 8. Rh3 b6 9. h5 h6 10. a4 Ba6 11. Bxa6 Nxa6 12. Qd3 Nb8 13. Ne2 Nd7 14. g4 Rc8 15. Kd1 f6 16. Nf4 Qc6 17. Ng6 c4 18. Qe2 Nxg6 19. exf6 Nxf6 20. hxg6 Ne4 21. Re3 O-O 22. f3 Ng5 23. Re5 Nxf3 24. Rxe6 Qd7 25. Ba3 Ng1 26. Qe1 Nf3 27. Qe2 Ng5 28. Rd6 Qb7 29. Kc1 Rce8 30. Qh2 Ne4 31. g5 Nxg5 32. Qh5 Ne4 33. Qxd5+ Qxd5 34. Rxd5 Nxc3 35. Re5 Rxe5 36. dxe5 Re8 37. Bd6 Ne4 38. Kb2 Re6 39. Rd1 Rxg6 40. Rd4 Ng5 41. Rxc4 Nf7 42. Bb8 Re6 43. Re4 Re7 44. c4 Rb7 45. Bd6 Nxd6 46. exd6 Rd7 47. Re8+ Kf7 48. Ra8 Ke6 0-1

[Event "Montreal int."]
[Site "Montreal CAN"]
[Date "2001.08.06"]
[Round "5"]
[White "Barbeau, Sylvain"]
[Black "Turov, Maxim"]
[Result "0-1"]
[WhiteElo "2365"]
[BlackElo "2550"]
[PlyCount "110"]
[GameId "2160767911555346"]
[EventDate "2001.08.02"]
[EventType "tourn"]
[EventRounds "11"]
[EventCountry "CAN"]
[EventCategory "9"]
[SourceTitle "CBM 085"]
[Source "ChessBase"]
[SourceDate "2001.11.13"]
[SourceVersion "1"]
[SourceVersionDate "2001.11.13"]
[SourceQuality "1"]

1. e4 c6 2. d4 d5 3. exd5 cxd5 4. c4 Nf6 5. Nc3 e6 6. Nf3 Be7 7. cxd5 Nxd5 8. Bd3 Nc6 9. O-O O-O 10. Re1 Bf6 11. Be4 Nce7 12. Qd3 h6 13. Ne5 Nxc3 14. Qxc3 Nf5 15. Be3 Nxe3 16. Rxe3 Qb6 17. Rd1 Rd8 18. Red3 Bd7 19. Nxd7 Rxd7 20. Qd2 Qd6 21. d5 e5 22. Rc3 Bg5 23. Qc2 g6 24. Qa4 Bd8 25. Qa3 Bb6 26. Qxd6 Rxd6 27. g4 Rf8 28. Kg2 Kg7 29. Bc2 Rfd8 30. Bb3 e4 31. Rdc1 f5 32. gxf5 gxf5 33. Rg3+ Kf6 34. f4 R6d7 35. h3 Bc7 36. Rf1 Rg7 37. Rxg7 Kxg7 38. Kg3 Kf6 39. Kh4 Bd6 40. Kg3 Rg8+ 41. Kh2 h5 42. Bc4 h4 43. a4 Rg3 44. a5 Ke7 45. Rf2 a6 46. Rf1 Bc7 47. d6+ Kxd6 48. b4 Rc3 49. Bg8 Rd3 50. Rg1 Ke7 51. Rg7+ Kd8 52. Be6 Bxf4+ 53. Kg2 Rd2+ 54. Kf1 Bg3 55. Rxb7 f4 0-1

[Event "Montreal int."]
[Site "Montreal CAN"]
[Date "2001.08.07"]
[Round "6"]
[White "Goldenberg, Danny"]
[Black "Barbeau, Sylvain"]
[Result "0-1"]
[WhiteElo "2343"]
[BlackElo "2365"]
[PlyCount "90"]
[GameId "2160767911555352"]
[EventDate "2001.08.02"]
[EventType "tourn"]
[EventRounds "11"]
[EventCountry "CAN"]
[EventCategory "9"]
[SourceTitle "CBM 085"]
[Source "ChessBase"]
[SourceDate "2001.11.13"]
[SourceVersion "1"]
[SourceVersionDate "2001.11.13"]
[SourceQuality "1"]

1. e4 e5 2. Nf3 Nc6 3. Bc4 Nf6 4. d3 h6 5. O-O d6 6. a4 g6 7. Re1 Bg7 8. h3 O-O 9. Bb3 Re8 10. Na3 Be6 11. c3 Qd7 12. Nc4 Rad8 13. a5 a6 14. Ba4 Qc8 15. Qe2 Bd7 16. b4 d5 17. Ncd2 dxe4 18. dxe4 Nh5 19. Kh2 Nf4 20. Qf1 Na7 21. Bxd7 Rxd7 22. Nb3 Nd3 23. Rd1 Red8 24. Bd2 Rd6 25. Ne1 Nb5 26. c4 Nxe1 27. cxb5 Nd3 28. bxa6 bxa6 29. Be3 Qa8 30. Bc5 R6d7 31. Be7 Rxe7 32. Rxd3 Rb8 33. Nc5 Rxb4 34. Nxa6 Rxe4 35. Rb3 Kh7 36. Qb5 Rd4 37. Qb7 Qd8 38. Nc5 e4 39. a6 Qd6+ 40. Rg3 Qxc5 41. a7 Rd8 42. a8=Q Rxa8 43. Rxa8 Qxf2 44. Qb8 h5 45. Qd8 h4 0-1

[Event "Montreal int."]
[Site "Montreal CAN"]
[Date "2001.08.07"]
[Round "6"]
[White "Rozentalis, Eduardas"]
[Black "Mikanovic, Goran"]
[Result "1-0"]
[WhiteElo "2588"]
[BlackElo "2273"]
[PlyCount "67"]
[GameId "2160767911555356"]
[EventDate "2001.08.02"]
[EventType "tourn"]
[EventRounds "11"]
[EventCountry "CAN"]
[EventCategory "9"]
[SourceTitle "CBM 085"]
[Source "ChessBase"]
[SourceDate "2001.11.13"]
[SourceVersion "1"]
[SourceVersionDate "2001.11.13"]
[SourceQuality "1"]

1. e4 c5 2. Nf3 e6 3. b3 Nc6 4. Bb2 Nf6 5. e5 Nd5 6. g3 Be7 7. c4 Nc7 8. Bg2 O-O 9. O-O b6 10. d4 cxd4 11. Nxd4 Bb7 12. Nc3 Qb8 13. Nxc6 Bxc6 14. Bxc6 dxc6 15. Qd7 Re8 16. Qxc6 Na6 17. Nb5 Rc8 18. Qf3 Nc5 19. Rad1 a6 20. Nd6 Rf8 21. b4 Na4 22. Ba1 Qc7 23. Qb3 Qc6 24. Rd4 b5 25. c5 Ra7 26. a3 Rc7 27. Rfd1 h6 28. Qd3 Ra8 29. Ne4 Rac8 30. Qf3 Qa8 31. Qh5 Rf8 32. Nf6+ gxf6 33. Rd7 Rxd7 34. Rxd7 1-0

[Event "Montreal int."]
[Site "Montreal CAN"]
[Date "2001.08.07"]
[Round "6"]
[White "Turov, Maxim"]
[Black "Zugic, Igor"]
[Result "1/2-1/2"]
[WhiteElo "2550"]
[BlackElo "2440"]
[PlyCount "159"]
[GameId "2160767911555357"]
[EventDate "2001.08.02"]
[EventType "tourn"]
[EventRounds "11"]
[EventCountry "CAN"]
[EventCategory "9"]
[SourceTitle "CBM 085"]
[Source "ChessBase"]
[SourceDate "2001.11.13"]
[SourceVersion "1"]
[SourceVersionDate "2001.11.13"]
[SourceQuality "1"]

1. d4 d5 2. c4 c6 3. Nf3 Nf6 4. Nc3 a6 5. a4 e6 6. Bg5 Nbd7 7. e3 Qa5 8. Nd2 Bb4 9. Qc2 c5 10. dxc5 Qxc5 11. Bh4 d4 12. exd4 Qxd4 13. Bg3 Nh5 14. Nde4 Nxg3 15. hxg3 Nf6 16. Nxf6+ Qxf6 17. Rc1 Bd7 18. Bd3 Bxc3+ 19. Qxc3 Qxc3+ 20. Rxc3 Bxa4 21. Be4 O-O-O 22. Ke2 Kc7 23. g4 h6 24. Ke3 Rd1 25. Rxd1 Bxd1 26. f3 Ba4 27. Ra3 Bc6 28. Bd3 Rf8 29. Ra5 f6 30. b4 Rd8 31. Be2 Rd6 32. Bd3 Bd7 33. f4 Rb6 34. b5 axb5 35. cxb5 g5 36. g3 Kd6 37. Ra1 e5 38. Rh1 exf4+ 39. gxf4 Bxg4 40. Rxh6 Kc5 41. Be4 gxf4+ 42. Kxf4 Bd7 43. Bxb7 Rxb7 44. Rxf6 Bxb5 45. Ke5 Bc4 46. Rf4 Re7+ 47. Kf6 Re8 48. Kg5 Bd5 49. Kf5 Kd6 50. Kf6 Re2 51. Kf5 Re1 52. Kf6 Be4 53. Rf2 Rh1 54. Rd2+ Bd5 55. Rf2 Rh8 56. Rf4 Rg8 57. Kf5 Be6+ 58. Ke4 Ra8 59. Kd4 Ra3 60. Ke4 Bd5+ 61. Kf5 Re3 62. Kf6 Be4 63. Rf2 Rh3 64. Rd2+ Bd5 65. Rf2 Rh8 66. Rf4 Rh5 67. Rf1 Re5 68. Rf2 Re6+ 69. Kf5 Be4+ 70. Kf4 Kc5 71. Re2 Kd4 72. Rd2+ Bd3 73. Rf2 Be2 74. Kf5 Re8 75. Kf4 Re3 76. Kf5 Re8 77. Kf4 Bd3 78. Kf3 Re7 79. Kf4 Be2 80. Kg5 1/2-1/2

[Event "Montreal int."]
[Site "Montreal CAN"]
[Date "2001.08.09"]
[Round "7"]
[White "Barbeau, Sylvain"]
[Black "Oral, Tomas"]
[Result "1/2-1/2"]
[WhiteElo "2365"]
[BlackElo "2540"]
[PlyCount "106"]
[GameId "2160767911555358"]
[EventDate "2001.08.02"]
[EventType "tourn"]
[EventRounds "11"]
[EventCountry "CAN"]
[EventCategory "9"]
[SourceTitle "CBM 085"]
[Source "ChessBase"]
[SourceDate "2001.11.13"]
[SourceVersion "1"]
[SourceVersionDate "2001.11.13"]
[SourceQuality "1"]

1. e4 c5 2. Nc3 e6 3. g3 Nc6 4. Bg2 Nf6 5. d3 Be7 6. Nf3 d5 7. O-O O-O 8. h3 b6 9. exd5 exd5 10. Re1 Bb7 11. Nh4 Qd7 12. Bg5 Rae8 13. Qd2 Bd8 14. Rxe8 Rxe8 15. Re1 Rxe1+ 16. Qxe1 Nd4 17. Qd1 h6 18. Bd2 Bc7 19. Ne2 Nc6 20. Nf3 d4 21. Bf4 Nb4 22. Bxc7 Qxc7 23. a3 Nbd5 24. Nd2 Nd7 25. Kh2 Bc6 26. Ng1 Qe5 27. Qe2 Qxe2 28. Nxe2 Ne7 29. Bxc6 Nxc6 30. Kg2 f5 31. h4 Kf7 32. Ng1 g5 33. hxg5 hxg5 34. Ngf3 Kg6 35. Nc4 Kf6 36. a4 Nb4 37. Na3 Ne5 38. Nxe5 Kxe5 39. Kf3 g4+ 40. Ke2 f4 41. Nc4+ Ke6 42. Kd1 fxg3 43. fxg3 Nd5 44. Nd2 Ne3+ 45. Kc1 Kd5 46. b3 a6 47. Ne4 b5 48. axb5 axb5 49. Kd2 c4 50. bxc4+ bxc4 51. c3 Ke5 52. Nf2 Nf1+ 53. Kc2 Ne3+ 1/2-1/2

[Event "Montreal int."]
[Site "Montreal CAN"]
[Date "2001.08.09"]
[Round "7"]
[White "Kosyrev, Vladimir"]
[Black "Turov, Maxim"]
[Result "1/2-1/2"]
[WhiteElo "2554"]
[BlackElo "2550"]
[PlyCount "59"]
[GameId "2160767911555360"]
[EventDate "2001.08.02"]
[EventType "tourn"]
[EventRounds "11"]
[EventCountry "CAN"]
[EventCategory "9"]
[SourceTitle "CBM 085"]
[Source "ChessBase"]
[SourceDate "2001.11.13"]
[SourceVersion "1"]
[SourceVersionDate "2001.11.13"]
[SourceQuality "1"]

1. d4 Nf6 2. c4 g6 3. Nc3 d5 4. Bg5 Bg7 5. Nf3 c5 6. dxc5 Qa5 7. cxd5 Nxd5 8. Qxd5 Bxc3+ 9. Bd2 Be6 10. Qxb7 Bxd2+ 11. Nxd2 O-O 12. b4 Qa4 13. e3 Nd7 14. a3 Rfd8 15. Qa6 Qc2 16. Qd3 Qa4 17. Qa6 Qc2 18. Qd3 Qa4 19. Qc3 a5 20. Rc1 axb4 21. axb4 Nf6 22. Bc4 Bxc4 23. Qxc4 Nd5 24. Rb1 Qa2 25. c6 Nxe3 26. Qxa2 Rxa2 27. fxe3 Rdxd2 28. b5 Re2+ 29. Kf1 Rf2+ 30. Ke1 1/2-1/2

[Event "Montreal int."]
[Site "Montreal CAN"]
[Date "2001.08.09"]
[Round "7"]
[White "Krush, Irina"]
[Black "Rozentalis, Eduardas"]
[Result "1/2-1/2"]
[WhiteElo "2421"]
[BlackElo "2588"]
[PlyCount "69"]
[GameId "2160767911555361"]
[EventDate "2001.08.02"]
[EventType "tourn"]
[EventRounds "11"]
[EventCountry "CAN"]
[EventCategory "9"]
[SourceTitle "CBM 085"]
[Source "ChessBase"]
[SourceDate "2001.11.13"]
[SourceVersion "1"]
[SourceVersionDate "2001.11.13"]
[SourceQuality "1"]

1. d4 Nf6 2. c4 e6 3. Nc3 Bb4 4. e3 b6 5. Nge2 O-O 6. a3 Bxc3+ 7. Nxc3 d5 8. cxd5 exd5 9. Bd3 c5 10. dxc5 bxc5 11. O-O Nc6 12. b4 cxb4 13. axb4 Nxb4 14. Ba3 Rb8 15. Bb5 a5 16. Qa4 d4 17. exd4 Nfd5 18. Nxd5 Qxd5 19. Be2 Bd7 20. Qd1 Rfc8 21. Bf3 Qc4 22. Rc1 Qa2 23. Ra1 Qc2 24. Re1 Qxd1 25. Rexd1 Nc2 26. Ra2 Nxa3 27. Rxa3 a4 28. h3 Kf8 29. d5 Rb3 30. Ra2 Rcc3 31. Be4 f5 32. Bc2 Rb4 33. Kf1 Ke7 34. d6+ Kf6 35. Bxa4 1/2-1/2

[Event "Montreal int."]
[Site "Montreal CAN"]
[Date "2001.08.09"]
[Round "7"]
[White "Zugic, Igor"]
[Black "Goldenberg, Danny"]
[Result "1/2-1/2"]
[WhiteElo "2440"]
[BlackElo "2343"]
[PlyCount "48"]
[GameId "2160767911555363"]
[EventDate "2001.08.02"]
[EventType "tourn"]
[EventRounds "11"]
[EventCountry "CAN"]
[EventCategory "9"]
[SourceTitle "CBM 085"]
[Source "ChessBase"]
[SourceDate "2001.11.13"]
[SourceVersion "1"]
[SourceVersionDate "2001.11.13"]
[SourceQuality "1"]

1. d4 Nf6 2. Nf3 g6 3. Nc3 d5 4. Bf4 c6 5. e3 Qb6 6. a3 Bg7 7. Be2 O-O 8. b4 Nbd7 9. O-O Re8 10. Na4 Qd8 11. c4 Nb6 12. Nxb6 axb6 13. h3 Be6 14. c5 Ne4 15. a4 bxc5 16. bxc5 b6 17. cxb6 Qxb6 18. Qc2 c5 19. Rfb1 Qa7 20. Be5 Rec8 21. Bxg7 Kxg7 22. dxc5 Rxc5 23. Qb2+ f6 24. Rc1 Rxc1+ 1/2-1/2

[Event "Montreal int."]
[Site "Montreal CAN"]
[Date "2001.08.??"]
[Round "8"]
[White "Goldenberg, Danny"]
[Black "Kosyrev, Vladimir"]
[Result "1/2-1/2"]
[WhiteElo "2343"]
[BlackElo "2554"]
[PlyCount "43"]
[GameId "2160767911555364"]
[EventDate "2001.08.02"]
[EventType "tourn"]
[EventRounds "11"]
[EventCountry "CAN"]
[EventCategory "9"]
[SourceTitle "CBM 085"]
[Source "ChessBase"]
[SourceDate "2001.11.13"]
[SourceVersion "1"]
[SourceVersionDate "2001.11.13"]
[SourceQuality "1"]

1. e4 e6 2. d4 d5 3. Nd2 Nf6 4. e5 Nfd7 5. Bd3 c5 6. c3 Nc6 7. Ne2 cxd4 8. cxd4 f6 9. exf6 Nxf6 10. Nf3 Qc7 11. O-O Bd6 12. Bg5 O-O 13. Bh4 Nh5 14. Qc2 h6 15. Bh7+ Kh8 16. Bg6 Rxf3 17. Bxh5 Rf8 18. Bg3 Bd7 19. Rac1 Rf6 20. Bh4 Rff8 21. Bg3 Rf6 22. Bh4 1/2-1/2

[Event "Montreal int."]
[Site "Montreal CAN"]
[Date "2001.08.??"]
[Round "8"]
[White "Oral, Tomas"]
[Black "Zugic, Igor"]
[Result "1-0"]
[WhiteElo "2540"]
[BlackElo "2440"]
[PlyCount "85"]
[GameId "2160767911555367"]
[EventDate "2001.08.02"]
[EventType "tourn"]
[EventRounds "11"]
[EventCountry "CAN"]
[EventCategory "9"]
[SourceTitle "CBM 085"]
[Source "ChessBase"]
[SourceDate "2001.11.13"]
[SourceVersion "1"]
[SourceVersionDate "2001.11.13"]
[SourceQuality "1"]

1. e4 Nf6 2. e5 Nd5 3. d4 d6 4. Nf3 dxe5 5. Nxe5 g6 6. Bc4 c6 7. Bb3 Bg7 8. O-O Nd7 9. Nf3 O-O 10. Re1 h6 11. h3 b6 12. c4 N5f6 13. Nc3 Bb7 14. Bf4 a6 15. Qd2 Kh7 16. Rad1 e6 17. Bd6 Re8 18. Qf4 Bf8 19. Bc7 Qe7 20. d5 Bg7 21. Bd6 e5 22. Nxe5 Qxd6 23. dxc6 Rxe5 24. cxb7 Rxe1+ 25. Rxe1 Re8 26. Qxd6 Rxe1+ 27. Kh2 Ng4+ 28. hxg4 Be5+ 29. Qxe5 Rxe5 30. Bd1 Nb8 31. Bf3 Rc5 32. Bd5 Rc7 33. b4 Kg7 34. Na4 b5 35. cxb5 axb5 36. Nc5 Kf6 37. Be4 Ke5 38. Bd3 Kd6 39. Bxb5 Re7 40. a4 Kc7 41. a5 Re1 42. Ba4 Rb1 43. b5 1-0

[Event "Montreal int."]
[Site "Montreal CAN"]
[Date "2001.08.11"]
[Round "9"]
[White "Barbeau, Sylvain"]
[Black "Mikanovic, Goran"]
[Result "1-0"]
[WhiteElo "2365"]
[BlackElo "2273"]
[PlyCount "89"]
[GameId "2160767911555370"]
[EventDate "2001.08.02"]
[EventType "tourn"]
[EventRounds "11"]
[EventCountry "CAN"]
[EventCategory "9"]
[SourceTitle "CBM 085"]
[Source "ChessBase"]
[SourceDate "2001.11.13"]
[SourceVersion "1"]
[SourceVersionDate "2001.11.13"]
[SourceQuality "1"]

1. f4 c5 2. Nf3 g6 3. g3 Bg7 4. Bg2 Nc6 5. e4 d6 6. d3 Nf6 7. O-O O-O 8. Nc3 Rb8 9. h3 b5 10. g4 b4 11. Ne2 a5 12. Be3 Ba6 13. b3 Qc7 14. Rc1 a4 15. Qe1 axb3 16. axb3 Bb5 17. f5 Ra8 18. Nf4 Ra2 19. Qh4 Nd4 20. Bxd4 cxd4 21. g5 Nd7 22. Nd5 Qd8 23. Nh2 f6 24. fxg6 hxg6 25. Ng4 Rf7 26. Nxb4 Ra5 27. Ra1 Rxa1 28. Rxa1 Ne5 29. Nd5 Bc6 30. Nf4 fxg5 31. Qxg5 Be8 32. Ne6 Qd7 33. Nxg7 Kxg7 34. Nxe5 dxe5 35. Qxe5+ Kh7 36. Ra4 Qc8 37. Rc4 Qa6 38. Qxd4 Qa2 39. e5 Qb1+ 40. Kh2 Qc1 41. Rc8 Rf8 42. Qh4+ Kg7 43. Rc7 Rf4 44. Qxe7+ Bf7 45. Qg5 1-0

[Event "Montreal int."]
[Site "Montreal CAN"]
[Date "2001.08.11"]
[Round "9"]
[White "Kosyrev, Vladimir"]
[Black "Oral, Tomas"]
[Result "1/2-1/2"]
[WhiteElo "2554"]
[BlackElo "2540"]
[PlyCount "49"]
[GameId "2160767911555373"]
[EventDate "2001.08.02"]
[EventType "tourn"]
[EventRounds "11"]
[EventCountry "CAN"]
[EventCategory "9"]
[SourceTitle "CBM 085"]
[Source "ChessBase"]
[SourceDate "2001.11.13"]
[SourceVersion "1"]
[SourceVersionDate "2001.11.13"]
[SourceQuality "1"]

1. d4 Nf6 2. c4 g6 3. Nf3 Bg7 4. g3 c6 5. Bg2 O-O 6. O-O d5 7. cxd5 cxd5 8. Nc3 e6 9. Ne5 Nfd7 10. f4 Nc6 11. Be3 f6 12. Nf3 Nb6 13. Bf2 f5 14. Ne5 Bd7 15. a4 a5 16. e3 Qe7 17. g4 Nxe5 18. dxe5 Qb4 19. Ra3 Qe7 20. Qd4 Qd8 21. Qd1 Qe7 22. gxf5 gxf5 23. Qb3 Qb4 24. Qd1 Qe7 25. Qd4 1/2-1/2

[Event "Montreal int."]
[Site "Montreal CAN"]
[Date "2001.08.11"]
[Round "9"]
[White "Zugic, Igor"]
[Black "Rozentalis, Eduardas"]
[Result "1/2-1/2"]
[WhiteElo "2440"]
[BlackElo "2588"]
[PlyCount "68"]
[GameId "2160767911555375"]
[EventDate "2001.08.02"]
[EventType "tourn"]
[EventRounds "11"]
[EventCountry "CAN"]
[EventCategory "9"]
[SourceTitle "CBM 085"]
[Source "ChessBase"]
[SourceDate "2001.11.13"]
[SourceVersion "1"]
[SourceVersionDate "2001.11.13"]
[SourceQuality "1"]

1. d4 e6 2. c4 Nf6 3. Nf3 Nc6 4. a3 d6 5. Nc3 g6 6. e4 Bg7 7. Be2 O-O 8. O-O Re8 9. d5 exd5 10. exd5 Ne7 11. Nd4 Nf5 12. Nxf5 Bxf5 13. Be3 Rxe3 14. fxe3 Qe7 15. Kh1 Qxe3 16. Qc1 Qe7 17. Qd2 Ng4 18. Bxg4 Bxg4 19. Rae1 Be5 20. Ne4 Bf5 21. g4 Bxe4+ 22. Rxe4 Kg7 23. g5 Rf8 24. Kg2 Rh8 25. Rh4 c6 26. Rh3 cxd5 27. cxd5 Rf8 28. Rhf3 Qd7 29. Qf2 Qg4+ 30. Kh1 Qe4 31. Qxa7 Qxd5 32. Qf2 Kg8 33. Qg2 b6 34. a4 Qd4 1/2-1/2

[Event "Montreal int."]
[Site "Montreal CAN"]
[Date "2001.08.12"]
[Round "10"]
[White "Krush, Irina"]
[Black "Barbeau, Sylvain"]
[Result "1/2-1/2"]
[WhiteElo "2421"]
[BlackElo "2365"]
[PlyCount "108"]
[GameId "2160767911555377"]
[EventDate "2001.08.02"]
[EventType "tourn"]
[EventRounds "11"]
[EventCountry "CAN"]
[EventCategory "9"]
[SourceTitle "CBM 085"]
[Source "ChessBase"]
[SourceDate "2001.11.13"]
[SourceVersion "1"]
[SourceVersionDate "2001.11.13"]
[SourceQuality "1"]

1. e4 e5 2. Nf3 Nc6 3. Bb5 a6 4. Ba4 d6 5. O-O Bg4 6. c3 Qf6 7. d3 Nge7 8. Nbd2 g5 9. h3 h5 10. hxg4 hxg4 11. Re1 gxf3 12. Qxf3 Qg6 13. Bd1 Nd8 14. g3 Ne6 15. Nc4 O-O-O 16. Ne3 Bg7 17. Nf5 Bf6 18. Nxe7+ Bxe7 19. Qf5 Qh6 20. Kf1 Kb8 21. Bg4 Ng7 22. Qf3 d5 23. Be3 Qg6 24. Kg2 Rhf8 25. Bf5 Nxf5 26. Qxf5 Qxf5 27. exf5 f6 28. Rh1 Rh8 29. Kf3 Kc8 30. Kg4 Kd7 31. c4 d4 32. Bd2 Rdg8 33. b4 c6 34. a4 Ra8 35. Rab1 Bd6 36. Kf3 Be7 37. Ra1 Bd6 38. Kg4 Be7 39. Rac1 Rac8 40. Kf3 Ra8 41. Ke4 Bd6 42. Rb1 Rac8 43. b5 cxb5 44. Rxh8 Rxh8 45. axb5 axb5 46. cxb5 Bc5 47. Kd5 Bb6 48. Bb4 g4 49. Ra1 Rh5 50. Ke4 Rh2 51. Ra2 Rh1 52. Rb2 Rd1 53. Bd2 Rf1 54. Bb4 Rd1 1/2-1/2

[Event "Montreal int."]
[Site "Montreal CAN"]
[Date "2001.08.12"]
[Round "10"]
[White "Mikanovic, Goran"]
[Black "Zugic, Igor"]
[Result "1/2-1/2"]
[WhiteElo "2273"]
[BlackElo "2440"]
[PlyCount "144"]
[GameId "2160767911555379"]
[EventDate "2001.08.02"]
[EventType "tourn"]
[EventRounds "11"]
[EventCountry "CAN"]
[EventCategory "9"]
[SourceTitle "CBM 085"]
[Source "ChessBase"]
[SourceDate "2001.11.13"]
[SourceVersion "1"]
[SourceVersionDate "2001.11.13"]
[SourceQuality "1"]

1. d4 Nf6 2. c4 d6 3. Nf3 Bg4 4. Nc3 Bxf3 5. exf3 c6 6. Be2 d5 7. O-O e6 8. Re1 Be7 9. Bf1 dxc4 10. Bxc4 O-O 11. Bb3 Nbd7 12. Ne4 Nd5 13. f4 N7f6 14. Ng5 Qb6 15. Nf3 Rfd8 16. Qe2 g6 17. g3 a5 18. Bc4 Rac8 19. Rf1 Bf8 20. b3 Nc3 21. Qc2 Nb5 22. a4 Nd6 23. Bb2 Bg7 24. Rab1 Nd5 25. Ba1 Nf5 26. Rfd1 Qa7 27. Qe2 Nb4 28. Qe4 Nd5 29. Ne5 Qb8 30. Qe2 Bf8 31. Rbc1 Qc7 32. Ng4 Qe7 33. Ne5 Qf6 34. Ng4 Qg7 35. Ne5 Bd6 36. Qf3 Bb8 37. Rd2 Ba7 38. Rdd1 h5 39. Bf1 Qf8 40. Bb2 Nf6 41. Bc4 Rc7 42. Rd3 Nxd4 43. Qd1 c5 44. Bxd4 cxd4 45. Nxg6 fxg6 46. Bxe6+ Rf7 47. Rc7 Rdd7 48. Rxd7 Nxd7 49. Qf3 Kg7 50. Bxf7 Qxf7 51. Qxb7 Ne5 52. Qxf7+ Nxf7 53. Kg2 Kf6 54. Kf3 Ke6 55. h3 Kd5 56. g4 hxg4+ 57. hxg4 Bb8 58. Rd1 g5 59. fxg5 Nxg5+ 60. Ke2 Bf4 61. f3 Nf7 62. Rh1 Ne5 63. Rh5 d3+ 64. Kd1 Ke6 65. Rf5 Be3 66. Rf8 Ng6 67. Ra8 Ne7 68. Ra6+ Ke5 69. Rxa5+ Nd5 70. b4 Kd4 71. Rxd5+ Kxd5 72. a5 Kc6 1/2-1/2